Statistics for Foods with Symbolism for Religion

Click here to take the quiz!

General Stats

  • This quiz has been taken 391 times
  • The average score is 7 of 16

Answer Stats

ReligionHintFood% Correct
ChristianityEucharist: symbolizes Christ's bloodwine
97%
ChristianityEucharist: symbolizes Christ's bodybread
94%
ChristianityEaster: a symbol of new lifeegg
82%
HinduismClarified butter used in rituals, offerings, and libationghee
56%
IslamRamadan: fruit eaten to break the fast as Muhammad diddates
50%
ShintoismSoybean curd used as an offeringtofu
46%
TaoismChinese New Year: steamed food symbolizing wealthdumpling
41%
IslamRamadan: eaten in the Balkans and the Ottoman Empirebaklava
40%
ChristianityShrove Tuesday: symbolizes the end of rich eatingpancakes
36%
TaoismChinese New Year: long food symbolizing longevitynoodle
35%
JudaismPassover: symbolizes the Jews leaving Egypt in a hurrymatzo
32%
JudaismRosh Hashanah: symbolizes a sweet new yearapples
31%
ChristianityGood Friday: roll eaten to break fasthot cross bun
28%
JudaismHanukkah: pancakes symbolizing the 8-day oil flamelatkes
28%
JudaismRosh Hashanah: symbolizes a sweet new yearhoney
24%
ChristianityLent: Shaped like a child's arms folded in prayerpretzel
20%

Score Distribution

Percentile by Number Answered

Percent of People with Each Score

Your Score History

You have not taken this quiz